1104 1367 1599 1462 1000 1702 1827 1738 1451 1879 1032 1474 1022 1412 1846 1912 1012 1740 1759 1520 1605 1892 1050 1423 1107 1286 1061 1637 1669 1730 1798 1464 1922 1421 1405 1439 1163 1442 1960 1716 1166 1207 1762 1312 1893 1944 1684 1499 1611 1284 1862 1027 1054 1238 1334 1081 1956 1729 1133 1146 1082 1716 1498 1371 1135 1125 1379 1022 1622 1448 1215 1456 1820 1888 1225 1979 1124 1074 1909 1731 1100 1040 1008 1914 1323 1586 1892 1709 1226 1664 1630 1760 1335 1376 1279 1287 1963 1861 1390 BCNSPRNW ULIB Ver.6.0+V

เปลี่ยนเป็นภาษาไทย

Change to English
 แสดงรายละเอียดบรรณานุกรม
  กลับหน้าหลัก

Brief Record : Get Marc (ISO 2709) : E-mail record : QR code < ปิดหน้าต่าง
LEADER : 00000nam 2200000uu 4500
001    13399110509
003     ULIB
008    110602s2545||||th 000 0 tha d
020    9749070704
060 04 WP570^bส239ภ 2545
245 00 ภาวะมีบุตรยากและเทคโนโลยีช่วยการเจริญพันธุ์ =^bInfertility and assisted reproductive technology /^cบรรณาธิการ,สมบูรณ์ คุณาธิคม
246 31 Infertility and assisted reproductive technology
250    พิมพ์ครั้งที่ 1
260    กรุงเทพฯ :^bภาควิชาสูติศาสตร์-นรีเวชวิทยาคณะแพทยศาสตร์ศิริราชพยาบาล มหาวิทยาลัยมหิดล,^c2545
300    298 หน้า :^bภาพประกอบ ;^c27 ซม.
650  7 การผสมเทียม
650  7 การตกไข่
650  7 ภาวะเจริญพันธุ์
650  7 ภาวะมีบุตรยาก
653    ผลงานอาจารย์คณะแพทยศาสตร์ศิริราชพยาบาล
700 0  สมบูรณ์ คุณาธิคม,^eบรรณาธิการ
710 2  มหาวิทยาลัยมหิดล. ^bคณะแพทยศาสตร์ศิริราชพยาบาล.^bภาควิชาสูติศาสตร์-นรีเวชวิทยา
945    ^p300^l0^i019738
945    ^p300^l0^i015615
945    ^p300^l0^i015614
995    ทศพร
999 ^a ใช้งานได้ทุกระบบ
รายการนี้ยังไม่มีแท็ก
คุณยังไม่ได้ล็อกอิน คุณสามารถมีกิจกรรมร่วมกับเว็บไซต์ได้ แต่ต้องล็อกอินก่อน ::
  ล็อกอิน

รายการสื่อสารสนเทศ

ลำดับที่ ประเภท เลขเรียก/บาร์โค้ด สถานที่ สถานะ
- ไม่พบข้อมูล -

รายการใกล้เคียง
    หัวเรื่อง [การผสมเทียม]
    หัวเรื่อง [การตกไข่]
    หัวเรื่อง [ภาวะเจริญพันธุ์]
    หัวเรื่อง [ภาวะมีบุตรยาก]

BibComment


ยังไม่เคยถูกคอมเมนท์

คอมเมนท์ทรัพยากรรายการนี้
  คอมเมนท์: ภาวะมีบุตรยากและเ..


 Copyright 2026. Bcnsprnw @Library